Śnieżne kształty państw - Statystyki

Ogólne statystyki
  • Ten quiz został rozwiązany 19 razy
  • Średni wynik to 5 z 16
Statystyki odpowiedzi
Obrazkowy Odpowiedź % Poprawnych
Nowa Zelandia
80%
Japonia
73%
Tajlandia
60%
Szwajcaria
53%
Sri Lanka
47%
Mongolia
40%
Szwecja
40%
Malta
27%
Nepal
27%
Ukraina
27%
Bangladesz
20%
Finlandia
20%
Holandia
13%
Bośnia i Hercegowina
7%
Brazylia
7%
Kazachstan
7%
Nie znaleziono quizów pasujących do podanych kryteriów
Rozkład punktacji
Procent ludzi z każdym wynikiem
Percentyl według liczby udzielonych odpowiedzi
Twoja historia wyników
Nie rozwiązałeś tego quizu